000 01323nam a2200301Ia 4500
001 ebr10380247
003 CaPaEBR
006 m u
007 cr cn|||||||||
008 090427s2009 ne s 000 0 eng d
020 _z9042025859 (Paper)
020 _z9789042025851 (Paper)
040 _aCaPaEBR
_cCaPaEBR
035 _a(OCoLC)649903276
050 1 4 _aDK275.A1
_bV67 2009eb
100 1 _aVoren, Robert van.
245 1 0 _aOn dissidents and madness
_h[electronic resource] :
_bfrom the Soviet Union of Leonid Brezhnev to the "Soviet Union" of Vladimir Putin /
_cRobert van Voren.
260 _aAmsterdam :
_bEditions Rodopi B.V.,
_c2009.
300 _a312 p.
533 _aElectronic reproduction.
_bPalo Alto, Calif. :
_cebrary,
_d2010.
_nAvailable via World Wide Web.
_nAccess may be limited to ebrary affiliated libraries.
546 _aExtended version of the Dutch edition Levenslang; tussen dissindenten en waanzin, translated [into English] by Ellen Mercer.
600 1 0 _aVoren, Robert van.
650 0 _aDissenters
_zSoviet Union
_xHistory.
651 0 _aSoviet Union
_xHistory
_y1953-1985.
655 7 _aElectronic books.
_2local
710 2 _aebrary, Inc.
856 4 0 _uhttp://site.ebrary.com/lib/rucke/Doc?id=10380247
_zAn electronic book accessible through the World Wide Web; click to view
999 _c101748
_d101748